000 00329nam a2200121Ia 4500
008 230511s1967 xx 000 0 und d
041 _aeng
082 _a363.5095414
100 _aGovt of Maharashtra, Mumbai
245 _aUrban Housing in Maharashtra
260 _aMumbai
_bGovt of Maharashtra
_c1967
906 _aUrban housing
999 _c353847
_d353847